Top 100 Spotify artists (May 2025) - Statistics

General Stats
  • This quiz has been taken 446 times
  • The average score is 32 of 100
Answer Stats
Rank Artist % Correct
1 Taylor Swift
90%
3 Drake
86%
4 The Weeknd
81%
18 Bruno Mars
71%
8 Justin Bieber
71%
17 Kendrick Lamar
71%
15 Rihanna
70%
33 Beyonce
69%
88 Sabrina Carpenter
69%
5 Ariana Grande
67%
27 Lady Gaga
67%
6 Ed Sheeran
66%
7 Eminem
66%
10 Kanye West
66%
2 Bad Bunny
64%
9 Billie Eilish
63%
78 Michael Jackson
56%
14 Coldplay
54%
52 Olivia Rodrigo
54%
54 Katy Perry
52%
13 Travis Scott
52%
40 Harry Styles
51%
56 Nicki Minaj
50%
39 Adele
49%
19 Dua Lipa
49%
11 Post Malone
46%
50 The Beatles
46%
12 BTS
45%
36 Queen
45%
44 SZA
45%
57 Selena Gomez
44%
25 Maroon 5
43%
64 Miley Cyrus
42%
38 One Direction
41%
45 Shakira
40%
95 BLACKPINK
39%
86 Elton John
36%
34 Shawn Mendes
36%
20 Imagine Dragons
35%
79 Camila Cabello
34%
53 Doja Cat
34%
100 Lil Wayne
34%
22 David Guetta
33%
92 AC/DC
30%
61 Sia
30%
65 Tyler, The Creator
29%
23 XXXTENTACION
29%
28 Future
28%
83 Pitbull
28%
29 Calvin Harris
27%
21 Juice WRLD
27%
35 Sam Smith
27%
48 Arctic Monkeys
25%
71 Avicii
25%
69 Lil Baby
25%
55 Morgan Wallen
25%
58 21 Savage
24%
16 J Balvin
24%
24 Lana Del Rey
24%
62 Lil Uzi Vert
24%
87 Metallica
23%
74 One Republic
23%
89 Charlie Puth
22%
43 J. Cole
21%
46 Chris Brown
20%
47 Daddy Yankee
20%
31 Khalid
20%
59 The Chainsmokers
20%
37 Linkin Park
19%
30 KAROL G
18%
63 Marshmello
18%
80 Frank Ocean
17%
66 Halsey
17%
93 Demi Lovato
16%
96 Hozier
16%
82 Gunna
14%
41 Metro Boomin
14%
73 Red Hot Chili Peppers
13%
85 The Neighbourhood
13%
67 Twenty One Pilots
13%
84 Lil Peep
12%
91 Jason Derulo
10%
90 Luke COmbs
10%
81 Mac Miller
10%
60 Maluma
10%
26 Ozuna
10%
98 James Arthur
9%
99 Pop Smoke
9%
97 Alan Walker
7%
32 Rauw Alejandro
7%
49 Peso Pluma
6%
42 Anuel AA
5%
76 Kygo
4%
51 Feid
3%
77 Farruko
2%
70 Myke Towers
2%
72 Pritam
2%
94 Luis Miguel
1%
68 Junior H
0%
75 $uicideboy$
0%
No matching quizzes found
Score Distribution
Percent of People with Each Score
Percentile by Number Answered
Your Score History
You have not taken this quiz